Ifj. Kúnfalvy Rezső English made easy : lingua nyelvgyakorló olvasmányok 2. kötete /

Elmentve itt :
Bibliográfiai részletek
Szerzők: Petrovay Ilona
Kúnfalvy Rezső
Dokumentumtípus: Cikk
Megjelent: 1937
Sorozat:A cselekvés iskolája 5
Kulcsszavak:Neveléstudomány
Online Access:http://acta.bibl.u-szeged.hu/33599
LEADER 00655nab a2200181 i 4500
001 acta33599
005 20210722091319.0
008 161017s1937 hu o 0|| hun d
040 |a SZTE Egyetemi Kiadványok Repozitórium  |b hun 
041 |a hun 
100 1 |a Petrovay Ilona 
245 1 0 |a Ifj. Kúnfalvy Rezső  |h [elektronikus dokumentum] :  |b English made easy : lingua nyelvgyakorló olvasmányok 2. kötete /  |c  Petrovay Ilona 
260 |c 1937 
300 |a 178-179 
490 0 |a A cselekvés iskolája  |v 5 
695 |a Neveléstudomány 
700 0 1 |a Kúnfalvy Rezső  |e aut 
856 4 0 |u http://acta.bibl.u-szeged.hu/33599/1/cselekves_005_178-179.pdf  |z Dokumentum-elérés